Las modificaciones en las deducciones personales en el impuesto a las ganancias (Registro nro. 15560)
[ vista simple ]
| 000 -LEADER | |
|---|---|
| fixed length control field | 00356 a2200109 4500 |
| 001 - CONTROL NUMBER | |
| control field | ART_26522 |
| 005 - DATE AND TIME OF LATEST TRANSACTION | |
| control field | 20260410161705.0 |
| 008 - FIXED-LENGTH DATA ELEMENTS--GENERAL INFORMATION | |
| fixed length control field | 260409a |
| 100 1# - MAIN ENTRY--PERSONAL NAME | |
| Personal name | García, Fernando D. |
| 245 10 - TITLE STATEMENT | |
| Title | Las modificaciones en las deducciones personales en el impuesto a las ganancias |
| 773 0# - HOST ITEM ENTRY | |
| Title | Revista Impuestos |
| Related parts | - Nº 22 (nov. 2008) |
| Record control number | REV639 |
No hay ítems disponibles.